|
|
|
|
| LEADER |
01211nam a2200241 a 4500 |
| 001 |
00650363 |
| 003 |
GR-PaULI |
| 008 |
071119s2003 r 000 0 gre d |
| 040 |
|
|
|a GrPaTEI
|b gre
|c GR-PaULI
|
| 082 |
|
0 |
|a 639.8
|2 22
|
| 110 |
2 |
|
|a Αριστοτέλειο Πανεπιστήμιο Θεσσαλονίκης
|
| 245 |
1 |
0 |
|a Υδατοκαλλιέργειες /
|c Αριστοτέλειο πανεπιστήμιο Θεσσαλονίκης,σχολή θετικών επιστημών,τμήμα βιολογίας.
|
| 260 |
|
|
|a Θεσσαλονίκη :
|b Υπηρεσία Δημοσιευμάτων,
|c 2003.
|
| 300 |
|
|
|a 372 σελ. :
|b εικ. ;
|c 24 εκ.
|
| 650 |
|
0 |
|a Aquaculture
|
| 650 |
|
7 |
|a Υδατοκαλλιέργεια
|2 lcsh/gre
|
| 710 |
|
|
|a Υπηρεσία Δημοσιευμάτων
|
| 710 |
2 |
|
|a Σχολή θετικών επιστημών
|
| 710 |
2 |
|
|a Τμήμα βιολογίας
|
| 942 |
|
|
|2 ddc
|
| 952 |
|
|
|0 0
|1 0
|2 ddc
|4 0
|6 639_800000000000000_ΥΔΑ
|7 0
|9 250445
|a MSLG
|b MSLG
|c BSC
|d 2021-01-17
|e 24
|f 1
|g 0.00
|l 0
|o 639.8 ΥΔΑ
|p 99242000028555
|r 2021-01-17 00:00:00
|t 1
|w 2021-01-17
|y BK15
|x Items transfered from Loc16 to Loc24
|x GrPaTEI
|
| 971 |
|
|
|a .b11782183
|b 24-09-20
|c 27-08-15
|
| 999 |
|
|
|c 148660
|d 148660
|